Ako je to s vitamínom D?

Bibliographic Details
Main Author: Furková, Katarína, 1948- (Author)
Format: Article
Language:Slovak

MARC

LEADER 00000nab a2200000ua 4500
001 vtls010769900
003 SK-MaSNL
005 20260304200229.0
008 250718s2012 xo |||||||||||||||||slo|
035 |a (urnnbn)urn:nbn:sk:snk:ar-a012i4 
035 |a (uuid)4d7a0776-9039-4d70-aa4c-febf01b10faf 
035 |a urn:nbn:sk:snk-ab4cjr 
040 |a SNKBUCL  |b slo  |c SNKBUCL  |e AACR2 
041 0 |a slo 
044 |a xo  |c SK 
100 1 |a Furková, Katarína,  |d 1948-  |4 aut  |9 183191 
245 1 0 |a Ako je to s vitamínom D?  |c K. Furková 
773 0 |t Liečivé rastliny  |g Roč. 49, č. 1 (2012), s. 40-41 
850 |a Slovenská národná knižnica 
852 |a Slovenská národná knižnica 
954 |a odborná, vedecká literatúra pôvodná (slovenská)  |2 lita 
958 |a article3 
958 |a OND 
958 |a EUIPO 
999 |c 3086513  |d 3088443